Impact of education on the Bhils: cultural change in the tribal life of Madhya Pradesh (Record no. 15079)

MARC details
000 -LEADER
fixed length control field 00729nam a2200205Ia 4500
082 ## - DEWEY DECIMAL CLASSIFICATION NUMBER
Classification number 306.0807 NAI-;
100 ## - MAIN ENTRY--AUTHOR NAME
Personal name Naik, T.B.
245 #0 - TITLE STATEMENT
Title Impact of education on the Bhils: cultural change in the tribal life of Madhya Pradesh
260 ## - PUBLICATION, DISTRIBUTION, ETC. (IMPRINT)
Place of publication New Delhi
Name of publisher Research Programmes Committee
Year of publication 1969
300 ## - PHYSICAL DESCRIPTION
Number of Pages xx, 337p.
504 ## - BIBLIOGRAPHY, ETC. NOTE
Bibliography, etc Includes index, bibliography
650 ## - SUBJECT ADDED ENTRY--TOPICAL TERM
Topical Term Social change - Madhya Pradesh
650 ## - SUBJECT ADDED ENTRY--TOPICAL TERM
Topical Term Bhil (Indic people) - Madhya Pradesh
650 ## - SUBJECT ADDED ENTRY--TOPICAL TERM
Topical Term Tribes - Madhya Pradesh
650 ## - SUBJECT ADDED ENTRY--TOPICAL TERM
Topical Term Bhil (Indic people) - Social life and customs
650 ## - SUBJECT ADDED ENTRY--TOPICAL TERM
Topical Term Educational anthropology - Madhya Pradesh
650 ## - SUBJECT ADDED ENTRY--TOPICAL TERM
Topical Term Bhil (Indic people) - Social conditions
650 ## - SUBJECT ADDED ENTRY--TOPICAL TERM
Topical Term Ethnology - Madhya Pradesh
942 ## - ADDED ENTRY ELEMENTS (KOHA)
Koha item type Books
Holdings
Withdrawn status Lost status Damaged status Not for loan Home library Current library Date acquired Full call number Accession Number Price effective from Koha item type
        NASSDOC Library NASSDOC Library 08/06/2004 306.0807 NAI-; 1834 18/04/2019 Books